Estática de las estructuras / (Registro nro. 114565)

Detalles MARC
000 -LEADER
campo de control de longitud fija 00803nam a2200253 i 4500
001 - NÚMERO DE CONTROL
campo de control 114565
003 - IDENTIFICADOR DE NÚMERO DE CONTROL
campo de control ES-MaACL
005 - FECHA Y HORA DE LA ÚLTIMA TRANSACCIÓN
campo de control 20250902220829.0
007 - CAMPO FIJO DE DESCRIPCIÓN FÍSICA--INFORMACIÓN GENERAL
campo de control de longitud fija t|
008 - DATOS DE LONGITUD FIJA--INFORMACIÓN GENERAL
campo de control de longitud fija 070309s1969 sp ||||1| spa d
080 ## - NÚMERO DE LA CLASIFICACIÓN DECIMAL UNIVERSAL
Número de la Clasificación Decimal Universal 624.0
100 1# - ENTRADA PRINCIPAL--NOMBRE DE PERSONA
Nombre de persona Schreyer.
9 (RLIN) 104703
245 10 - MENCIÓN DEL TÍTULO
Título Estática de las estructuras /
Mención de responsabilidad, etc. Schreyer, Ramm, Wagner ; traductor, Francisco J. Segovia Espiau ; revisión, Juan Batanero.
260 ## - PUBLICACIÓN, DISTRIBUCIÓN, ETC.
Lugar de publicación, distribución, etc. Madrid :
Nombre del editor, distribuidor, etc. Blume,
Fecha de publicación, distribución, etc. [1969]
300 ## - DESCRIPCIÓN FÍSICA
Extensión 3 v. ;
Dimensiones 25 cm.
505 8# - NOTA DE CONTENIDO CON FORMATO
Nota de contenido con formato Contiene: Tº, 2-3-4
650 #7 - PUNTO DE ACCESO ADICIONAL DE MATERIA--TÉRMINO DE MATERIA
Término de materia o nombre geográfico como elemento de entrada Estructuras (Construcción)
Fuente del encabezamiento o término embne
9 (RLIN) 136283
700 1# - ENTRADA AGREGADA--NOMBRE PERSONAL
Nombre de persona Segovia Espiau, Francisco Javier.
9 (RLIN) 105156
700 1# - ENTRADA AGREGADA--NOMBRE PERSONAL
Nombre de persona Wagner, W.
9 (RLIN) 115854
700 1# - ENTRADA AGREGADA--NOMBRE PERSONAL
Nombre de persona Ramm, H.
9 (RLIN) 95196
700 1# - ENTRADA AGREGADA--NOMBRE PERSONAL
Nombre de persona Batanero, Juan.
9 (RLIN) 26404
852 ## - LOCALIZACIÓN
Ubicación ES-MaACL
Número de control de estantería G-4435-37
Sublocalización o colección R.72634
Existencias
Estatus retirado Estado de pérdida Estado de daño No para préstamo Biblioteca de origen Biblioteca actual Ubicación en estantería Fecha de adquisición Fuente de adquisición Total de préstamos Signatura topográfica completa Código de barras Visto por última vez Precio de reemplazo Tipo de ítem Koha
        Biblioteca del Ateneo de Madrid Biblioteca del Ateneo de Madrid Depósito 2 17/01/2008     G-4435-37 1119474 23/02/2023 23/02/2023 Libro impreso